| 000 | 00766nam a2200253 a 4500 | ||
|---|---|---|---|
| 001 | 77935 | ||
| 003 | BD-RjUL | ||
| 005 | 20211209083052.0 | ||
| 008 | 210217s1994 le b 00000 ara d | ||
| 020 | _a9771108549 | ||
| 035 | _a(BD-RjUL)78161 | ||
| 040 |
_aUkOxU _cUkOxU _beng |
||
| 041 | _aara | ||
| 066 | _c(3 | ||
| 082 |
_223 _a297.122 _bBAI 1993 |
||
| 100 | 1 |
_aباقلاني, ابي بكر، ;; Bāqillānī,Abi Bakr _d-1013. _9244873 |
|
| 245 | 1 | 0 |
_aاعجاز القران ;; Iʿjaz al-Qurʼān / _cAbi bakr al-Baqlani |
| 250 | _aal-Ṭabʿah 1. | ||
| 260 |
_aBayrūt, Lubnān : _bMaktubat Masir, _c1994. |
||
| 300 |
_a256 p. ; _c24 cm. |
||
| 504 | _aIncludes bibliographical references. | ||
| 650 | 0 |
_aQurʼan as literature _9244874 |
|
| 942 |
_2ddc _cBK |
||
| 999 |
_c77935 _d77935 |
||